000 00865cam a2200253 a 4500
005 20031230185550.0
008 940308s1993 enkab b 001 0 eng
010 _aENG-101622
020 _c150.00
_a9788178128344
035 _aEN-85155
037 _bDBAD/PUB
040 _adpl
_bEng
082 _a000
100 1 _922405
245 1 0 _aR. Gupta's popular master guide SBI clerical staff :
_bprevious years' papers [solved] , practice test papers [solved]
260 _aNew Delhi
_bRamesh Publishing House
_c2011
270 _a12-H, New Daryaganj Road, Opp. Traffic Kotwali
_bNew Delhi
_e110002
300 _aiv,88p.
_c24cm (pbk)
650 0 _922448
651 _922481
700 _922431
942 _2ddc
_cEN
_mRGU
_h000
999 _c48198
_d48198